| 000 | 00428nam a2200193Ia 4500 | ||
|---|---|---|---|
| 005 | 20250603145859.0 | ||
| 008 | 250603s9999 xx 000 0 und d | ||
| 020 | _a9780815341468 | ||
| 050 | _aQR 181 .P229/ | ||
| 100 | _aParham, P. | ||
| 245 | 4 | _aThe immune system | |
| 250 | _a3rd ed. | ||
| 260 | _a New York | ||
| 260 | _bGarland Science | ||
| 260 | _c2009 | ||
| 300 | _a506 p | ||
| 650 | _a New York | ||
| 942 | _cBK | ||
| 999 |
_c43131 _d43131 |
||